000 00487nam a2200157 i 4500
001 99737
003 ES-MaACL
005 20230906182539.0
007 t|
008 050915s1963 sp ||||1| spa d
100 1 _aMartínez Castellanos, Juan.
_977936
245 1 4 _aLas constantes orgánicas o la fisiopatología del medio interno /
_cpor Juan Martínez Castellanos.
260 _aMadrid :
_bG. Sebastián,
_c1963.
300 _a211 p. ;
_c21 cm.
852 _aES-MaACL
_jC-23660
_bR.51942
999 _c99737
_d99737